[Event "Gibtelecom AmatWk2 8th"]
[Site "Gibraltar"]
[Date "2010.02.04"]
[Round "5.6"]
[White "Naldrett, Geoffrey William"]
[Black "Raffo Sanchez, Luis"]
[Result "1-0"]
[WhiteElo "1696"]
[BlackElo "1000"]
[PlyCount "53"]
[EventDate "2010.01.31"]
[EventType "swiss"]
[EventRounds "5"]
[EventCountry "GGB"]
[SourceTitle "BritBase"]
[Source "www.saund.co.uk"]
[SourceDate "2018.02.10"]
[SourceVersion "1"]
[SourceVersionDate "2018.02.10"]
[SourceQuality "1"]

1. e4 d6 2. d4 e6 3. c4 c6 4. Nc3 Ne7 5. Nf3 Ng6 6. Bd3 Be7 7. Be3 f6 8. Qd2
Bd7 9. h4 O-O 10. Qc2 Be8 11. h5 Nh8 12. e5 f5 13. Bf4 d5 14. Qd2 Nf7 15. Ke2
b6 16. Rag1 h6 17. g4 Bg5 18. gxf5 Qe7 19. Bxg5 hxg5 20. Nxg5 exf5 21. Bxf5 Nd6
22. Be6+ Nf7 23. Qd3 Qxg5 24. Rxg5 Kh8 25. Rxg7 Kxg7 26. Qg6+ Kh8 27. Qf6+ 1-0

[Event "Gibtelecom AmatWk2 8th"]
[Site "Gibraltar"]
[Date "2010.02.04"]
[Round "5.7"]
[White "Albrecht, Franz"]
[Black "Kuenitz, Klaus"]
[Result "1/2-1/2"]
[WhiteElo "1546"]
[BlackElo "1755"]
[PlyCount "73"]
[EventDate "2010.01.31"]
[EventType "swiss"]
[EventRounds "5"]
[EventCountry "GGB"]
[SourceTitle "BritBase"]
[Source "www.saund.co.uk"]
[SourceDate "2018.02.10"]
[SourceVersion "1"]
[SourceVersionDate "2018.02.10"]
[SourceQuality "1"]

1. d4 f5 2. c4 g6 3. Nc3 Bg7 4. e3 d6 5. Nf3 Nf6 6. Be2 O-O 7. O-O c6 8. Qc2
Qe8 9. b4 e5 10. dxe5 dxe5 11. Nd2 Na6 12. a3 Nc7 13. Bb2 Ne6 14. c5 f4 15.
exf4 exf4 16. Rfe1 Nd5 17. Nxd5 cxd5 18. Bxg7 Kxg7 19. Qb2+ Kg8 20. Nf3 Qd8 21.
Rad1 Ng5 22. Qb3 Be6 23. Nd4 Bf7 24. Qb2 Qf6 25. Qa1 Rae8 26. Nf3 Ne4 27. Qxf6
Nxf6 28. Bb5 Rxe1+ 29. Rxe1 Ne4 30. Bd3 Re8 31. Rc1 Re7 32. Nd4 Be8 33. f3 Nf6
34. Kf2 Re3 35. Rd1 Ba4 36. Rd2 Nd7 37. Ne2 (37. Ne6 {is recorded quite
clearly on both scoresheets as the final move and the last few moves seem to
tally on both but of course 37 Ne6 would lose a piece to} Rxe6 {- despite all
the evidence to the contrary, I have assumed that the text move was actually
made -JS}) 1/2-1/2

[Event "Gibtelecom AmatWk2 8th"]
[Site "Gibraltar"]
[Date "2010.02.04"]
[Round "5.8"]
[White "Brooks, Harry"]
[Black "Homer, Neil S"]
[Result "1/2-1/2"]
[WhiteElo "1552"]
[BlackElo "1704"]
[PlyCount "55"]
[EventDate "2010.01.31"]
[EventType "swiss"]
[EventRounds "5"]
[EventCountry "GGB"]
[SourceTitle "BritBase"]
[Source "www.saund.co.uk"]
[SourceDate "2018.02.10"]
[SourceVersion "1"]
[SourceVersionDate "2018.02.10"]
[SourceQuality "1"]

1. d4 d5 2. Nf3 Nf6 3. e3 Bf5 4. g3 e6 5. Bg2 c5 6. c3 Nc6 7. O-O Bxb1 8. Rxb1
Be7 9. dxc5 Bxc5 10. Qb3 Qb6 11. Qc2 Bd6 12. Nd4 Nxd4 13. exd4 O-O 14. Bg5 Be7
15. Rfe1 h6 16. Be3 Rac8 17. b3 Qd8 18. c4 Qd7 19. Qe2 dxc4 20. bxc4 b6 21.
Rbc1 Ba3 22. Rc2 Bb4 23. Rb1 Qe7 24. Bd2 Bxd2 25. Qxd2 Rc7 26. Re1 Qd7 27. Rd1
Rd8 28. Qc3 1/2-1/2

[Event "Gibtelecom AmatWk2 8th"]
[Site "Gibraltar"]
[Date "2010.02.04"]
[Round "5.9"]
[White "Gallardo Ribot, Laura"]
[Black "Reci, Nadja"]
[Result "1-0"]
[WhiteElo "1698"]
[BlackElo "1544"]
[PlyCount "29"]
[EventDate "2010.01.31"]
[EventType "swiss"]
[EventRounds "5"]
[EventCountry "GGB"]
[SourceTitle "BritBase"]
[Source "www.saund.co.uk"]
[SourceDate "2018.02.10"]
[SourceVersion "1"]
[SourceVersionDate "2018.02.10"]
[SourceQuality "1"]

1. e4 e5 2. Nf3 d6 3. Bc4 Be7 4. d3 Nf6 5. Nc3 O-O 6. Be3 b6 7. Qd2 Bb7 8.
O-O-O d5 9. exd5 Nxd5 10. Nxe5 Nxe3 11. Qxe3 Bxg2 12. Rhg1 Bb7 13. Qh6 Bf6 14.
Rxg7+ Bxg7 15. Rg1 1-0

[Event "Gibtelecom AmatWk2 8th"]
[Site "Gibraltar"]
[Date "2010.02.04"]
[Round "5.10"]
[White "Ocana, Jeremy"]
[Black "Poggio, Freddie"]
[Result "0-1"]
[WhiteElo "1000"]
[BlackElo "1640"]
[PlyCount "76"]
[EventDate "2010.01.31"]
[EventType "swiss"]
[EventRounds "5"]
[EventCountry "GGB"]
[SourceTitle "BritBase"]
[Source "www.saund.co.uk"]
[SourceDate "2018.02.10"]
[SourceVersion "1"]
[SourceVersionDate "2018.02.10"]
[SourceQuality "1"]

1. e4 e5 2. Nf3 Nc6 3. Bb5 a6 4. Ba4 Nf6 5. O-O Be7 6. Re1 b5 7. Bb3 O-O 8. c3
d5 9. exd5 Nxd5 10. Nxe5 Nxe5 11. Rxe5 c6 12. d4 Bd6 13. Re1 Qh4 14. g3 Qh3 15.
Bxd5 cxd5 16. Qf3 Bg4 17. Qg2 Rae8 18. Rxe8 Rxe8 19. Be3 Qh5 20. Nd2 Qf5 21.
Re1 h5 22. f3 Bh3 23. Qf2 Re6 24. Qe2 h4 25. g4 Qc2 26. Nb3 Qxe2 27. Rxe2 f5
28. Kf2 Bxh2 29. gxf5 Bg3+ 30. Kg1 Bxf5 31. Nc5 Rg6 32. Kh1 h3 33. Bf2 Bf4 34.
Re8+ Kh7 35. Ra8 Rg2 36. Bh4 Rxb2 37. Rxa6 h2 38. Ra7 Rb1+ 0-1

[Event "Gibtelecom AmatWk2 8th"]
[Site "Gibraltar"]
[Date "2010.02.04"]
[Round "5.11"]
[White "Oliva Parra, Ernesto"]
[Black "Walshaw, David"]
[Result "0-1"]
[WhiteElo "1000"]
[BlackElo "1640"]
[PlyCount "98"]
[EventDate "2010.01.31"]
[EventType "swiss"]
[EventRounds "5"]
[EventCountry "GGB"]
[SourceTitle "BritBase"]
[Source "www.saund.co.uk"]
[SourceDate "2018.02.10"]
[SourceVersion "1"]
[SourceVersionDate "2018.02.10"]
[SourceQuality "1"]

1. e4 d5 2. e5 c5 3. Nf3 Nc6 4. c3 Bg4 5. Bb5 a6 6. Bxc6+ bxc6 7. h3 Bf5 8. Qa4
Qb6 9. O-O e6 10. d4 c4 11. Qd1 Be7 12. Bg5 f6 13. exf6 Nxf6 14. Ne5 O-O 15.
Bxf6 Bxf6 16. Nd7 Qxb2 17. Nd2 Rf7 18. Ne5 Bxe5 19. dxe5 Qxc3 20. Nf3 h6 21.
Re1 Be4 22. Re3 Bxf3 23. Rxc3 Bxd1 24. Rxd1 Rb8 25. g3 Rb2 26. f4 Rfb7 27. Ra3
R7b6 28. g4 g6 29. h4 c5 30. Rg3 Rb1 31. Rf1 Rxf1+ 32. Kxf1 Rb1+ 33. Ke2 Rb2+
34. Kd1 Kf7 35. g5 h5 36. Ra3 Rb6 37. Kc2 d4 38. Ra5 Rc6 39. Ra4 c3 40. Rc4 Ke7
41. a4 a5 42. Kd3 Kd7 43. Ke4 Rc8 44. Kd3 Kc6 45. Ke4 Rb8 46. f5 gxf5+ 47. Kd3
Kd5 48. Ke2 Kxc4 49. Kf3 c2 0-1

[Event "Gibtelecom AmatWk2 8th"]
[Site "Gibraltar"]
[Date "2010.02.04"]
[Round "5.12"]
[White "Erdelyi, Adam"]
[Black "Hebak, Thomas"]
[Result "1/2-1/2"]
[WhiteElo "1000"]
[BlackElo "1000"]
[PlyCount "78"]
[EventDate "2010.01.31"]
[EventType "swiss"]
[EventRounds "5"]
[EventCountry "GGB"]
[SourceTitle "BritBase"]
[Source "www.saund.co.uk"]
[SourceDate "2018.02.10"]
[SourceVersion "1"]
[SourceVersionDate "2018.02.10"]
[SourceQuality "1"]

1. Nf3 d6 2. c4 g6 3. Nc3 c6 4. g3 Bg7 5. Bg2 e5 6. d3 Be6 7. O-O h6 8. Rb1 Nf6
9. b4 a6 10. a4 O-O 11. b5 axb5 12. axb5 Nbd7 13. bxc6 bxc6 14. Nd2 d5 15. cxd5
cxd5 16. Nb5 Nc5 17. Ba3 Rc8 18. e3 Re8 19. d4 exd4 20. exd4 Nb7 21. Na7 Rc7
22. Rb6 Rc3 23. Rb3 Rxb3 24. Qxb3 Na5 25. Qc3 Qb6 26. Bc5 Qc7 27. Nb5 Qd8 28.
Nd6 Re7 29. Rb1 Rd7 30. Bb6 Qb8 31. Nxf7 Bxf7 32. Bxa5 Qe8 33. Bf1 Ne4 34. Qb2
Qe7 35. Bh3 Be6 36. Qb8+ Kh7 37. Bg2 Nxd2 38. Bxd2 Bxd4 39. Qf4 Bg7 1/2-1/2

[Event "Gibtelecom AmatWk2 8th"]
[Site "Gibraltar"]
[Date "2010.02.04"]
[Round "5.13"]
[White "Carlsen, Ingrid Oen"]
[Black "Garcia, Mario"]
[Result "1/2-1/2"]
[WhiteElo "1508"]
[BlackElo "1663"]
[PlyCount "77"]
[EventDate "2010.01.31"]
[EventType "swiss"]
[EventRounds "5"]
[EventCountry "GGB"]
[SourceTitle "BritBase"]
[Source "www.saund.co.uk"]
[SourceDate "2018.02.10"]
[SourceVersion "1"]
[SourceVersionDate "2018.02.10"]
[SourceQuality "1"]

1. e4 e5 2. Nf3 Nc6 3. Bb5 a6 4. Ba4 Nf6 5. O-O b5 6. Bb3 Be7 7. Re1 O-O 8. h3
d6 9. c3 Na5 10. Bc2 c5 11. d4 Qc7 12. Nbd2 Bb7 13. Nf1 Rac8 14. d5 Nc4 15. b3
Nb6 16. Ne3 g6 17. Nh2 Qd8 18. Nhg4 Nxg4 19. Nxg4 Nd7 20. a4 b4 21. c4 a5 22.
f4 Bf6 23. Nxf6+ Qxf6 24. f5 Qh4 25. Rf1 Nf6 26. Qe1 Qxe1 27. Rxe1 Kg7 28. g4
gxf5 29. exf5 Rce8 30. Be4 Bc8 31. Kf2 h5 32. Kf3 hxg4+ 33. hxg4 Rh8 34. Kg3
Rh7 35. Bg5 Reh8 36. Bxf6+ Kxf6 37. Rh1 Kg5 38. Rxh7 Rxh7 39. Rh1 1/2-1/2

[Event "Gibtelecom AmatWk2 8th"]
[Site "Gibraltar"]
[Date "2010.02.04"]
[Round "5.14"]
[White "Jacobsen, Caroline Beer"]
[Black "O'Connell, Denis"]
[Result "1/2-1/2"]
[WhiteElo "1300"]
[BlackElo "1599"]
[PlyCount "56"]
[EventDate "2010.01.31"]
[EventType "swiss"]
[EventRounds "5"]
[EventCountry "GGB"]
[SourceTitle "BritBase"]
[Source "www.saund.co.uk"]
[SourceDate "2018.02.10"]
[SourceVersion "1"]
[SourceVersionDate "2018.02.10"]
[SourceQuality "1"]

1. e4 d5 2. exd5 Nf6 3. Nc3 Nxd5 4. Nge2 Bg4 5. f3 Bf5 6. Nxd5 Qxd5 7. Nc3 Qe5+
8. Be2 Nc6 9. O-O e6 10. Kh1 a6 11. Bc4 Be7 12. d3 O-O 13. Ne2 Qc5 14. Ng3 Bg6
15. c3 Rad8 16. Ne4 Bxe4 17. fxe4 Bf6 18. Bb3 Qb6 19. d4 Na5 20. Qc2 Nxb3 21.
Qxb3 Qxb3 22. axb3 Rd7 23. e5 Be7 24. b4 Rd5 25. Ra5 Rfd8 26. Bf4 h6 27. Rfa1
g5 28. Be3 Kg7 1/2-1/2

[Event "Gibtelecom AmatWk2 8th"]
[Site "Gibraltar"]
[Date "2010.02.04"]
[Round "5.15"]
[White "Cramling Bellon, Anna Yolanda"]
[Black "Cox, Marian"]
[Result "0-1"]
[WhiteElo "1000"]
[BlackElo "1384"]
[PlyCount "142"]
[EventDate "2010.01.31"]
[EventType "swiss"]
[EventRounds "5"]
[EventCountry "GGB"]
[SourceTitle "BritBase"]
[Source "www.saund.co.uk"]
[SourceDate "2018.02.10"]
[SourceVersion "1"]
[SourceVersionDate "2018.02.10"]
[SourceQuality "1"]

1. e4 e5 2. Nf3 Nc6 3. Nc3 a6 4. Bc4 h6 5. O-O Nf6 6. d3 Be7 7. Be3 O-O 8. Nd2
d6 9. Qf3 Nd4 10. Qg3 Ne2+ 11. Nxe2 Nh5 12. Qf3 Nf6 13. Qg3 Kh8 14. Qh4 Nh7 15.
Qg3 Bh4 16. Qf3 f5 17. g3 fxe4 18. Qxe4 Bg5 19. d4 c6 20. Bd3 Nf6 21. Qg6 Qe7
22. Bxg5 hxg5 23. Qxg5 Qe8 24. Qh4+ Qh5 25. Bg6 Qxh4 26. gxh4 Bh3 27. Rfd1 Ng4
28. Ne4 d5 29. Ng5 Nxf2 30. Rd2 Bg4 31. Nf7+ Kg8 32. Kxf2 Be6 33. dxe5 Bxf7 34.
Bxf7+ Rxf7+ 35. Ke1 Re8 36. Nd4 Rxe5+ 37. Re2 Rfe7 38. Kf1 c5 39. Nf5 R7e6 40.
Rae1 Rxf5+ 41. Rf2 Rxf2+ 42. Kxf2 Rxe1 43. Kxe1 Kf7 44. Kf2 Kf6 45. Kg3 Kf5 46.
h5 b5 47. a3 d4 48. b4 c4 49. Kf3 Kg5 50. Kg3 Kxh5 51. h4 d3 52. cxd3 c3 53. d4
c2 54. Kf4 c1=Q+ 55. Ke4 Qe1+ 56. Kd3 Qxh4 57. d5 Kg6 58. Ke3 Kf5 59. d6 Ke6
60. d7 Kxd7 61. Kd3 Qf4 62. Kc3 g5 63. Kb3 Kd6 64. a4 Kd5 65. axb5 axb5 66. Ka3
Qe3+ 67. Kb2 Kc4 68. Kc2 Qe2+ 69. Kb1 Qd2 70. Ka1 Kb3 71. Kb1 Qb2# {(White's
39 th move doesn't make any sense but both scoresheets seem to indicate that
it was played, though both have mistakes and omissions)} 0-1

[Event "Gibtelecom AmatWk2 8th"]
[Site "Gibraltar"]
[Date "2010.02.04"]
[Round "5.16"]
[White "Jones, Sidney A"]
[Black "Knight Gonzalez, Carlos"]
[Result "1-0"]
[WhiteElo "1472"]
[BlackElo "1000"]
[PlyCount "83"]
[EventDate "2010.01.31"]
[EventType "swiss"]
[EventRounds "5"]
[EventCountry "GGB"]
[SourceTitle "BritBase"]
[Source "www.saund.co.uk"]
[SourceDate "2018.02.10"]
[SourceVersion "1"]
[SourceVersionDate "2018.02.10"]
[SourceQuality "1"]

1. e4 e5 2. Nf3 Nc6 3. Bb5 a6 4. Ba4 Nf6 5. O-O Be7 6. Re1 b5 7. Bb3 O-O 8. c3
d5 9. exd5 Nxd5 10. Nxe5 Nxe5 11. Rxe5 c6 12. d4 Bd6 13. Re1 Qh4 14. g3 Qh3 15.
Bxd5 cxd5 16. Qf3 Be6 17. Qg2 Qh5 18. h4 Rae8 19. Be3 f5 20. f4 Rf6 21. Nd2 Rg6
22. Kf2 Bd7 23. Nf3 b4 24. Ng5 h6 25. Qxd5+ Be6 26. Qf3 Qg4 27. Qxg4 fxg4 28.
Ne4 Bd5 29. Nxd6 Rxd6 30. Bd2 Rxe1 31. Rxe1 bxc3 32. bxc3 Bxa2 33. Re5 Rb6 34.
Ra5 Re6 35. Rxa2 Rf6 36. Ra5 Kh7 37. c4 Rd6 38. Be3 Rb6 39. Ke2 Rb2+ 40. Bd2
Rc2 41. c5 Rc4 42. Kd3 1-0

[Event "Gibtelecom AmatWk2 8th"]
[Site "Gibraltar"]
[Date "2010.02.04"]
[Round "5.17"]
[White "Cox, Reginald"]
[Black "Mena Berenguer, Francisco"]
[Result "0-1"]
[WhiteElo "1352"]
[BlackElo "1000"]
[PlyCount "92"]
[EventDate "2010.01.31"]
[EventType "swiss"]
[EventRounds "5"]
[EventCountry "GGB"]
[SourceTitle "BritBase"]
[Source "www.saund.co.uk"]
[SourceDate "2018.02.10"]
[SourceVersion "1"]
[SourceVersionDate "2018.02.10"]
[SourceQuality "1"]

1. e4 e5 2. Bc4 Nf6 3. d3 h6 4. Nc3 c6 5. Nf3 d6 6. h3 b5 7. Bb3 a5 8. a4 b4 9.
Ne2 Be7 10. O-O O-O 11. c3 bxc3 12. Nxc3 Bb7 13. Re1 Na6 14. d4 exd4 15. Nxd4
c5 16. Nf5 Bc8 17. Nxe7+ Qxe7 18. Nd5 Nxd5 19. exd5 Qf6 20. Bd2 Nb4 21. Bc3 Qg6
22. Bxb4 Bxh3 23. Qf3 Bg4 24. Qg3 cxb4 25. Bd1 Bxd1 26. Qxg6 fxg6 27. Raxd1 Rf5
28. Re6 Rf6 29. Rde1 Raf8 30. Re8 Rxf2 31. R1e6 Rxb2 32. Rxf8+ Kxf8 33. Rxd6 b3
34. Kh2 Ra2 35. Rb6 b2 36. d6 Ke8 37. Rb7 Kd8 38. Kh3 g5 39. Kg4 Rxa4+ 40. Kh5
Rb4 41. Rxg7 b1=Q 42. Rg8+ Kd7 43. Rg7+ Kxd6 44. Kxh6 Qh1+ 45. Kg6 Qxg2 46. Kh7
Rh4+ 0-1